[Event "2 IECC, Ohrid"]
[Site "Ohrid MKD"]
[Date "2001.06.06"]
[Round "6.73"]
[White "Guliev, Sarhan"]
[Black "Roder, Matthias"]
[Result "1/2-1/2"]
[WhiteElo "2528"]
[BlackElo "2459"]
[EventDate "2001.06.01"]
[PlyCount "112"]

1.d4 Nf6 2.c4 g6 3.Nc3 Bg7 4.Nf3 O-O 5.g3 d6 6.Bg2 c6 7.O-O Qa5 8.e4 Bg4 
9.h3 Bxf3 10.Bxf3 Nbd7 11.Be3 c5 12.dxc5 Nxc5 13.a3 Ncd7 14.Be2 Ne5 15.f4 
Nc6 16.b4 Qd8 17.Rc1 e5 18.f5 a5 19.b5 Nd4 20.g4 d5 21.cxd5 Rc8 22.Bd3 Nd7
23.d6 Qb6 24.g5 f6 25.fxg6 hxg6 26.gxf6 Nxf6 27.d7 Nxd7 28.Nd5 Rxc1 29.
Bxc1 Qc5 30.Kg2 Nf6 31.Nxf6+ Rxf6 32.Rxf6 Bxf6 33.Qf1 Qe7 34.Be3 Bg5 35.
Bxd4 exd4 36.Bc4+ Kg7 37.e5 Qxa3 38.Qf3 Qxf3+ 39.Kxf3 a4 40.Ke4 Be3 41.b6 
Kf8 42.Bd5 a3 43.Kd3 Ke7 44.Kc2 Bf4 45.Kb3 Bxe5 46.Bxb7 Bd6 47.Be4 g5 48.
b7 Kf6 49.b8=Q Bxb8 50.Kxa3 Ke5 51.Bd3 Kf4 52.Kb3 g4 53.hxg4 Kxg4 54.Kc4 
Be5 55.Bh7 Bh8 56.Kd3 Kg3 1/2-1/2

[Event "2 IECC, Ohrid"]
[Site "Ohrid MKD"]
[Date "2001.06.06"]
[Round "6.74"]
[White "Sulava, Nenad"]
[Black "Bogdanovski, Vlatko"]
[Result "1/2-1/2"]
[WhiteElo "2526"]
[BlackElo "2463"]
[EventDate "2001.06.01"]
[PlyCount "96"]

1.Nf3 Nf6 2.c4 e6 3.g3 a6 4.Bg2 b5 5.b3 c5 6.O-O Bb7 7.Nc3 Qa5 8.Bb2 Be7 
9.e4 d6 10.e5 dxe5 11.Nxe5 Bxg2 12.Kxg2 Qc7 13.Qf3 Ra7 14.Rfe1 Qb7 15.cxb5
axb5 16.a4 bxa4 17.bxa4 Qxf3+ 18.Kxf3 O-O 19.Rec1 Rd8 20.Ke2 Ra6 21.Nb5 
Nd5 22.f4 h5 23.a5 Nd7 24.Nc4 Rb8 25.Nc3 Bf6 26.Na4 Bxb2 27.Naxb2 Nb4 28.
Nd3 Nxd3 29.Kxd3 Rb3+ 30.Ke2 Nb8 31.Rab1 Rxb1 32.Rxb1 Nc6 33.Kd3 Nxa5 34.
Ra1 Nc6 35.Rxa6 Nb4+ 36.Ke4 Nxa6 37.Ke5 Nb4 38.Kd6 Nd3 39.Ne5 Ne1 40.Ke7 
f6 41.Nd7 Nf3 42.Nxc5 Nxd2 43.Nxe6 Nf1 44.f5 Nxh2 45.Nf4 h4 46.gxh4 Nf3 
47.Nd5 Nxh4 48.Nxf6+ gxf6 1/2-1/2

[Event "2 IECC, Ohrid"]
[Site "Ohrid MKD"]
[Date "2001.06.06"]
[Round "6.75"]
[White "Rechlis, Gad"]
[Black "Azarov, Sergei"]
[Result "1-0"]
[WhiteElo "2525"]
[BlackElo "2452"]
[EventDate "2001.06.01"]
[PlyCount "63"]

1.e4 e5 2.Nf3 Nc6 3.Bb5 a6 4.Ba4 Nf6 5.O-O Be7 6.Re1 b5 7.Bb3 d6 8.c3 O-O 
9.h3 h6 10.d4 Re8 11.Nbd2 Bf8 12.Nf1 Bd7 13.Ng3 Na5 14.Bc2 c5 15.d5 Nc4 
16.Nh2 g6 17.b3 Nb6 18.f4 exf4 19.Bxf4 Bc8 20.Qd2 Kh7 21.Rf1 Nbd7 22.Nf3 
Qe7 23.Rae1 Ne5 24.Nxe5 dxe5 25.Be3 Nd7 26.a4 Bg7 27.Ra1 Bb7 28.Bd3 c4 29.
bxc4 Nc5 30.Bc2 Rad8 31.axb5 axb5 32.Qf2 1-0

[Event "2 IECC, Ohrid"]
[Site "Ohrid MKD"]
[Date "2001.06.06"]
[Round "6.78"]
[White "Efimenko, Zahar"]
[Black "Acs, Peter"]
[Result "0-1"]
[WhiteElo "2439"]
[BlackElo "2509"]
[EventDate "2001.06.01"]
[PlyCount "90"]

1.e4 c5 2.Nf3 d6 3.d4 cxd4 4.Nxd4 Nf6 5.Nc3 a6 6.Be2 e5 7.Nb3 Be7 8.O-O 
O-O 9.Kh1 b6 10.a4 Bb7 11.g3 Nc6 12.Bg5 Nb4 13.Nb1 h6 14.Bxf6 Bxf6 15.Na3 
Qc7 16.Qd2 Nc6 17.Nc4 Rad8 18.Qe3 Nd4 19.Nxd4 exd4 20.Qb3 d5 21.exd5 Rxd5 
22.Qxb6 Qd7 23.Bd3 Bd8 24.Qb4 Be7 25.Qd2 Rh5+ 26.Kg1 Qc7 27.f4 Rc5 28.b3 
a5 29.Ne5 Bd6 30.Rae1 Bd5 31.Qe2 Re8 32.Qg4 Rxc2 33.Bxc2 Qxc2 34.Re2 Qc7 
35.Rfe1 Re7 36.Nc4 d3 37.Rxe7 Bxe7 38.Qd1 Bc5+ 39.Kf1 Qc6 40.Qg4 Bb4 41.
Re5 d2 42.Qe2 Bxc4 43.bxc4 Qxa4 44.Re8+ Kh7 45.Qd3+ g6 0-1

[Event "2 IECC, Ohrid"]
[Site "Ohrid MKD"]
[Date "2001.06.06"]
[Round "6.79"]
[White "Gunnarsson, Jon Viktor"]
[Black "San Segundo Carrillo, Pablo"]
[Result "0-1"]
[WhiteElo "2366"]
[BlackElo "2508"]
[EventDate "2001.06.01"]
[PlyCount "96"]

1.e4 c5 2.Nf3 Nc6 3.d4 cxd4 4.Nxd4 Nf6 5.Nc3 e5 6.Ndb5 d6 7.Nd5 Nxd5 8.
exd5 Nb8 9.c4 a6 10.Nc3 Be7 11.Be2 O-O 12.O-O f5 13.f3 Nd7 14.Be3 Bg5 15.
Qd2 h6 16.b4 a5 17.a3 axb4 18.Nb5 Nc5 19.Bxg5 hxg5 20.Qxb4 Qb6 21.Nc3 Qc7 
22.Rfb1 Bd7 23.a4 Ra5 24.Qb6 Rc8 25.Qxc7 Rxc7 26.Rb6 Ra6 27.a5 Kf7 28.Rxa6
bxa6 29.Nb5 axb5 30.cxb5 Bc8 31.b6 Rb7 32.Bb5 Rb8 33.Kf2 Ke7 34.a6 Bxa6 
35.Bxa6 Ra8 36.Rb1 Rxa6 37.b7 Ra2+ 38.Kg3 Nd7 39.b8=Q Nxb8 40.Rxb8 Ra5 41.
h4 gxh4+ 42.Kxh4 Kf6 43.g4 fxg4 44.fxg4 Rxd5 45.Rf8+ Kg6 46.Rf5 Ra5 47.
Rg5+ Kf7 48.Kh5 Ra7 0-1

[Event "2 IECC, Ohrid"]
[Site "Ohrid MKD"]
[Date "2001.06.06"]
[Round "6.81"]
[White "Jacimovic, Dragoljub"]
[Black "Weiss, Christian"]
[Result "0-1"]
[WhiteElo "2504"]
[BlackElo "2368"]
[EventDate "2001.06.01"]
[PlyCount "72"]

1.d4 Nf6 2.c4 c5 3.d5 b5 4.Nf3 g6 5.cxb5 a6 6.b6 d6 7.e4 Nbd7 8.Nc3 Bg7 9.
a4 Qxb6 10.a5 Qb7 11.h3 O-O 12.Bc4 Ne8 13.O-O Nc7 14.Qe2 Rb8 15.Ra2 Ne5 
16.Nxe5 Bxe5 17.Na4 Bd7 18.Nb6 Bb5 19.Bxb5 Nxb5 20.Be3 e6 21.f4 Bg7 22.f5 
exf5 23.exf5 Rfe8 24.Kh1 Bh6 25.Qxb5 axb5 26.Bxh6 Re2 27.f6 Qa6 28.Raa1 
Rxb2 29.Rfe1 b4 30.Re7 Re2 31.Rxe2 Qxe2 32.a6 Qe5 33.Ra5 b3 34.a7 Re8 35.
a8=Q b2 36.Qxe8+ Qxe8 0-1

[Event "2 IECC, Ohrid"]
[Site "Ohrid MKD"]
[Date "2001.06.06"]
[Round "6.83"]
[White "Ilic, Ljubomir"]
[Black "Kortschnoj, Viktor"]
[Result "0-1"]
[WhiteElo "2282"]
[BlackElo "2643"]
[EventDate "2001.06.01"]
[PlyCount "110"]

1.e4 c6 2.d4 d5 3.Nc3 g6 4.h3 Nf6 5.e5 Nfd7 6.Nf3 Nb6 7.Bd3 a5 8.O-O Na6 
9.a3 h6 10.Ne2 Nc7 11.c3 a4 12.Be3 Nc4 13.Qc2 Ne6 14.Rae1 b5 15.Bc1 Kd7 
16.Nh2 Kc7 17.f4 Ng7 18.g4 e6 19.Nf3 Be7 20.Kg2 Kb6 21.Ng3 Ra7 22.Rf2 Ka5 
23.Rg1 Kb6 24.Rff1 Ka5 25.Kh2 Kb6 26.Kg2 Kb7 27.Kh2 Ka8 28.Kg2 Qd7 29.Kh2 
Qe8 30.Kg2 Qd8 31.Kh2 g5 32.Nh5 Nxh5 33.gxh5 gxf4 34.Bxf4 Bd7 35.Rg3 Qf8 
36.Rf2 Be8 37.Bc1 f5 38.exf6 Bd6 39.Ne5 Nxe5 40.dxe5 Bxe5 41.Bg6 Qd6 42.
Rf3 Bf7 43.Qf2 Bxg3+ 44.Rxg3 Rg8 45.Kg2 e5 46.Bxh6 Rd8 47.Re3 d4 48.cxd4 
exd4 49.Re7 Rxe7 50.fxe7 Bd5+ 51.Kg1 Qxe7 52.Qxd4 c5 53.Qd2 Bc6 54.Qe3 
Rd1+ 55.Kh2 Qh4 0-1

[Event "2 IECC, Ohrid"]
[Site "Ohrid MKD"]
[Date "2001.06.06"]
[Round "6.86"]
[White "Cyborowski, Lukasz"]
[Black "Turov, Maxim"]
[Result "1/2-1/2"]
[WhiteElo "2450"]
[BlackElo "2553"]
[EventDate "2001.06.01"]
[PlyCount "30"]

1.c4 e5 2.Nc3 Nf6 3.Nf3 Nc6 4.d4 e4 5.Ng5 Bb4 6.d5 Na5 7.Bd2 Nxc4 8.Ngxe4 
Nxe4 9.Nxe4 Qe7 10.a3 Bxd2+ 11.Nxd2 Nb6 12.Qb3 O-O 13.e4 c6 14.dxc6 dxc6 
15.Be2 Be6 1/2-1/2

[Event "2 IECC, Ohrid"]
[Site "Ohrid MKD"]
[Date "2001.06.06"]
[Round "6.87"]
[White "Hillarp Persson, Tiger"]
[Black "Slobodjan, Roman"]
[Result "1/2-1/2"]
[WhiteElo "2443"]
[BlackElo "2529"]
[EventDate "2001.06.01"]
[PlyCount "85"]

1.c4 Nf6 2.Nc3 c5 3.g3 Nc6 4.Bg2 d6 5.a3 Bd7 6.Rb1 Rc8 7.d3 g6 8.b4 b6 9.
Nf3 Bg7 10.O-O O-O 11.Bd2 Nd4 12.Nxd4 cxd4 13.Nb5 d5 14.Nxa7 Ra8 15.Nb5 
Bxb5 16.cxb5 Rxa3 17.Ra1 Rxa1 18.Qxa1 e6 19.Rc1 Nd7 20.Qa7 Be5 21.Rc6 Re8 
22.h4 Re7 23.Bh6 Nb8 24.Rc8 Qxc8 25.Qxe7 Bg7 26.Bxg7 Kxg7 27.h5 gxh5 28.
Bf3 Nd7 29.Qg5+ Kf8 30.Bxh5 Qc7 31.Kg2 Qb8 32.Qh4 h6 33.Qxd4 Qe5 34.Qxe5 
Nxe5 35.f4 Nd7 36.Kf2 Nf6 37.Bf3 Ne8 38.e4 dxe4 39.Bxe4 f5 40.Bf3 Nf6 41.
Kg2 Kf7 42.Kh3 Kg7 43.Kg2 1/2-1/2

[Event "2 IECC, Ohrid"]
[Site "Ohrid MKD"]
[Date "2001.06.06"]
[Round "6.88"]
[White "Mitkov, Marjan"]
[Black "Smirnov, Pavel"]
[Result "0-1"]
[WhiteElo "2424"]
[BlackElo "2511"]
[EventDate "2001.06.01"]
[PlyCount "91"]

1.d4 Nf6 2.c4 g6 3.Nc3 Bg7 4.e4 d6 5.f3 O-O 6.Be3 c5 7.Nge2 Nc6 8.Qd2 Qa5 
9.Rd1 Rb8 10.a3 a6 11.dxc5 dxc5 12.Nd5 Qxd2+ 13.Rxd2 b6 14.b4 Nxd5 15.cxd5
Ne5 16.bxc5 bxc5 17.Bxc5 Rb1+ 18.Kf2 Bh6 19.f4 Re8 20.h3 Bd7 21.g4 Bb5 22.
Bd4 Nd3+ 23.Ke3 Nxf4 24.Nxf4 Bxf1 25.Be5 Rc8 26.d6 exd6 27.Bxd6 Rb3+ 28.
Kf2 Bxh3 29.Rd3 Rc2+ 30.Ke3 Rcb2 31.Rxh3 Rxd3+ 32.Kxd3 Bxf4 33.Kc3 Rf2 34.
Bc5 Rg2 35.Rd3 Be5+ 36.Kc4 Rxg4 37.Rd8+ Kg7 38.Kd5 Rg5 39.Re8 Bb2+ 40.e5 
h5 41.Kd6 h4 42.e6 h3 43.e7 Re5 44.Rb8 h2 45.Rxb2 Re6+ 46.Kd7 0-1

[Event "2 IECC, Ohrid"]
[Site "Ohrid MKD"]
[Date "2001.06.06"]
[Round "6.89"]
[White "Kutirov, Rolando"]
[Black "Konopka, Michal"]
[Result "1/2-1/2"]
[WhiteElo "2381"]
[BlackElo "2507"]
[EventDate "2001.06.01"]
[PlyCount "71"]

1.d4 Nf6 2.c4 g6 3.g3 c6 4.Bg2 d5 5.Qa4 dxc4 6.Qxc4 Bg7 7.Nf3 O-O 8.O-O 
Bf5 9.Nc3 Nbd7 10.Re1 Nb6 11.Qb3 Ne4 12.e3 Nxc3 13.bxc3 Be4 14.c4 Qc7 15.
Ba3 Rfd8 16.Rad1 e6 17.Ng5 Bxg2 18.Kxg2 Rd7 19.f4 Re8 20.Ne4 Rb8 21.Rb1 
Rdd8 22.Kg1 Nc8 23.Rec1 Ne7 24.Bxe7 Qxe7 25.a4 b6 26.Qb4 c5 27.dxc5 Qb7 
28.Nf2 Bf8 29.Qc3 Bxc5 30.Ng4 h5 31.Nf6+ Kf8 32.Re1 Qf3 33.Nh7+ Kg8 34.
Nf6+ Kf8 35.Nh7+ Kg8 36.Nf6+ 1/2-1/2

[Event "2 IECC, Ohrid"]
[Site "Ohrid MKD"]
[Date "2001.06.06"]
[Round "6.92"]
[White "Rogic, Davor"]
[Black "Morrison, Chris"]
[Result "1-0"]
[WhiteElo "2457"]
[BlackElo "2176"]
[EventDate "2001.06.01"]
[PlyCount "63"]

1.e4 e5 2.Nf3 d6 3.d4 exd4 4.Nxd4 Nf6 5.Nc3 Be7 6.Bc4 O-O 7.O-O a6 8.a4 
Nc6 9.Re1 Nb4 10.Nd5 Nfxd5 11.exd5 Bf6 12.Be3 c5 13.dxc6 Nxc6 14.c3 d5 15.
Be2 Be5 16.Bf3 Qd6 17.h3 Be6 18.a5 Qd7 19.Nb3 Bc7 20.Nc5 Qd6 21.g3 Nxa5 
22.b4 Nc4 23.Bf4 Qc6 24.Nxe6 fxe6 25.Rxe6 Qd7 26.Bxd5 Kh8 27.Bxc4 Qxd1+ 
28.Rxd1 Bxf4 29.gxf4 Rac8 30.Rd4 b5 31.Bf1 Rxc3 32.Rxa6 1-0

[Event "2 IECC, Ohrid"]
[Site "Ohrid MKD"]
[Date "2001.06.06"]
[Round "6.93"]
[White "Bezgodov, Alexei"]
[Black "Stamenkov, Vanco"]
[Result "1-0"]
[WhiteElo "2543"]
[BlackElo "2380"]
[EventDate "2001.06.01"]
[PlyCount "80"]

1.e4 d6 2.d4 Nf6 3.Bd3 e5 4.d5 Be7 5.c4 Na6 6.Nc3 Nc5 7.Bc2 a5 8.Nge2 O-O 
9.Ng3 c6 10.O-O cxd5 11.cxd5 b6 12.a3 Ne8 13.Rb1 Bg5 14.b4 Bxc1 15.Qxc1 
axb4 16.axb4 Nd7 17.Ba4 g6 18.Bc6 Ra6 19.Qc2 h5 20.Rfc1 h4 21.Nf1 f5 22.
exf5 gxf5 23.Nb5 Qg5 24.Qe2 f4 25.Nd4 h3 26.g3 fxg3 27.hxg3 exd4 28.Qe6+ 
Kg7 29.Bxd7 Bxd7 30.Qxd7+ Rf7 31.Qxe8 Qxd5 32.Qc6 Qf5 33.Rb2 d5 34.Qc8 
Qxc8 35.Rxc8 Ra1 36.f4 Re7 37.Rd8 d3 38.Rf2 Re2 39.Rxd5 Raa2 40.Rh2 Rg2+ 
1-0

[Event "2 IECC, Ohrid"]
[Site "Ohrid MKD"]
[Date "2001.06.06"]
[Round "6.94"]
[White "Dervishi, Erald"]
[Black "Kizov, Atanas"]
[Result "1-0"]
[WhiteElo "2491"]
[BlackElo "2368"]
[EventDate "2001.06.01"]
[PlyCount "61"]

1.e4 e5 2.Nf3 Nc6 3.Bb5 Nf6 4.O-O Nxe4 5.d4 Be7 6.Qe2 Nd6 7.Bxc6 bxc6 8.
dxe5 Nb7 9.Be3 O-O 10.Nc3 Nc5 11.Bxc5 Bxc5 12.Rad1 a5 13.Ne4 Ba7 14.c4 Qe7
15.Qc2 h6 16.Rfe1 Rb8 17.h3 Qe6 18.b3 a4 19.Nh2 Kh8 20.Qc3 axb3 21.axb3 
Qe7 22.c5 Ra8 23.Ng4 Qe6 24.Rd3 h5 25.Nh2 Qh6 26.Nf3 d5 27.exd6 Bf5 28.
dxc7 Qf4 29.Rde3 Qxc7 30.Nd6 Bg6 31.Re7 1-0

[Event "2 IECC, Ohrid"]
[Site "Ohrid MKD"]
[Date "2001.06.06"]
[Round "6.95"]
[White "Stanojoski, Zvonko"]
[Black "Vasovski, Nikola"]
[Result "1-0"]
[WhiteElo "2435"]
[BlackElo "2359"]
[EventDate "2001.06.01"]
[PlyCount "71"]

1.e4 c5 2.f4 d5 3.exd5 Qxd5 4.Nc3 Qd8 5.Nf3 Nf6 6.Bc4 e6 7.d4 a6 8.a4 Nc6 
9.dxc5 Qxd1+ 10.Nxd1 Nb4 11.Bb3 Bxc5 12.Be3 Bd6 13.Nc3 Ng4 14.Bd2 O-O 15.
h3 Nf6 16.O-O-O Bd7 17.Ne5 Bc6 18.Nxc6 Nxc6 19.Rhf1 Nd4 20.Ba2 Rfd8 21.Be3
Bc5 22.Kb1 Nb3 23.Bxc5 Nxc5 24.Rde1 Rd4 25.f5 Nfe4 26.Nxe4 Nxe4 27.c3 Rxa4
28.Rd1 exf5 29.Rd7 g6 30.Bxf7+ Kh8 31.Rfd1 Nf6 32.Rxb7 Re4 33.Rd6 Re1+ 34.
Ka2 Ne4 35.Rc6 Kg7 36.Bxg6+ 1-0

[Event "2 IECC, Ohrid"]
[Site "Ohrid MKD"]
[Date "2001.06.06"]
[Round "6.96"]
[White "Likavsky, Tomas"]
[Black "Haznedaroglu, Kivanc"]
[Result "1-0"]
[WhiteElo "2425"]
[BlackElo "2358"]
[EventDate "2001.06.01"]
[PlyCount "69"]

1.d4 d5 2.c4 c6 3.Nf3 Nf6 4.e3 Bf5 5.Nc3 e6 6.Nh4 Be4 7.f3 Bg6 8.Bd2 Bd6 
9.Qb3 Qc7 10.O-O-O Nbd7 11.Be2 a5 12.cxd5 exd5 13.Nxg6 hxg6 14.e4 Bb4 15.
e5 Ng8 16.h4 Nf8 17.f4 Ne7 18.g4 f5 19.exf6 gxf6 20.Rdf1 Ne6 21.Be3 f5 22.
Qc2 Ng7 23.h5 gxh5 24.gxf5 Qd6 25.Bg4 Qf6 26.Bf2 Ngxf5 27.Re1 O-O-O 28.Bh4
Qf7 29.Rxe7 hxg4 30.Rxf7 Nxh4 31.Rh7 Rxh7 32.Qxh7 Nf3 33.Ne2 Kb8 34.Qg7 
Re8 35.Rh7 1-0

[Event "2 IECC, Ohrid"]
[Site "Ohrid MKD"]
[Date "2001.06.06"]
[Round "6.97"]
[White "Ulker, Ates"]
[Black "Rossi, Carlo"]
[Result "0-1"]
[WhiteElo "2332"]
[BlackElo "2418"]
[EventDate "2001.06.01"]
[PlyCount "174"]

1.e4 c6 2.Nc3 d5 3.d4 g6 4.Nf3 Bg4 5.Be2 Bg7 6.Be3 Nf6 7.e5 Nfd7 8.Qd2 h6 
9.h3 Bxf3 10.Bxf3 e6 11.Ne2 c5 12.c3 Nc6 13.O-O Qa5 14.Rfd1 Rc8 15.Qc1 
cxd4 16.cxd4 O-O 17.Nc3 Kh7 18.Qd2 Rfd8 19.Ne2 Qxd2 20.Bxd2 Nb6 21.b3 a5 
22.a4 Bf8 23.Rdc1 Nd7 24.Kf1 Ndb8 25.Bc3 Na6 26.Nf4 Bb4 27.Ne2 Rc7 28.Bb2 
Bd2 29.Rd1 Bg5 30.Nc3 Nab4 31.Nb5 Rcd7 32.Be2 h5 33.g3 Nc2 34.Rab1 h4 35.
gxh4 Bxh4 36.Rd2 N2b4 37.Bc3 Bg5 38.Rdb2 Kg7 39.Rd1 Rc8 40.Nd6 Rh8 41.Kg2 
Be7 42.Nb5 Bd8 43.Bd2 f6 44.exf6+ Bxf6 45.Bf4 e5 46.dxe5 Nxe5 47.Rbd2 Rh4 
48.Bg3 Rh8 49.Nd4 Nec6 50.Ne6+ Kf7 51.Nc5 Re7 52.Bd6 Ree8 53.Nxb7 Bc3 54.
Bc5 Rb8 55.Nd6+ Kf6 56.Bg4 Bxd2 57.Rxd2 Rhd8 58.Nb5 Ne5 59.Bd4 g5 60.Re2 
Nc6 61.Bb2 d4 62.Bh5 Nd3 63.Bf3 Nf4+ 64.Kf1 Nxe2 65.Bxc6 Rbc8 66.Kxe2 Rxc6
67.Nxd4 Re8+ 68.Kf3 Ra6 69.Bc3 Kg6 70.Nb5 Rd8 71.Kg4 Rf8 72.f3 Rf4+ 73.Kg3
Kh5 74.Bd2 Rf5 75.Nd4 Rd5 76.Bc3 Ra8 77.f4 Rad8 78.Ne2 Rd3+ 79.Kf2 Rxc3 
80.Nxc3 gxf4 81.Ne4 Rd3 82.Nc5 Rxh3 83.Nb7 Kg4 84.Nxa5 Rh2+ 85.Kg1 Kg3 86.
Nc4 f3 87.Ne3 f2+ 0-1

[Event "2 IECC, Ohrid"]
[Site "Ohrid MKD"]
[Date "2001.06.06"]
[Round "6.100"]
[White "Khruschiov, Alexei"]
[Black "Grant, Jonathan"]
[Result "1-0"]
[WhiteElo "2400"]
[BlackElo "2218"]
[EventDate "2001.06.01"]
[PlyCount "89"]

1.e4 c6 2.d4 d5 3.Nc3 dxe4 4.Nxe4 Bf5 5.Ng3 Bg6 6.h4 h6 7.Nf3 Nd7 8.h5 Bh7
9.Bd3 Bxd3 10.Qxd3 e6 11.Bd2 Ngf6 12.O-O-O Be7 13.Rhe1 O-O 14.c4 b5 15.
cxb5 cxb5 16.Kb1 b4 17.Qe2 Qa5 18.Ne5 Bd6 19.f4 Nb6 20.f5 Rfe8 21.Qd3 Bxe5
22.dxe5 Nfd5 23.f6 Na4 24.Ne4 gxf6 25.exf6 Kh8 26.Nd6 Rf8 27.Qg3 Nxf6 28.
Qf4 Ng8 29.Bxb4 Qxh5 30.Ka1 Kh7 31.g4 Qg6 32.Nb7 Rfc8 33.Rf1 Rc2 34.Ba3 
Nb6 35.Nd6 f6 36.Qe3 e5 37.Nf5 Rac8 38.Rh1 Qg5 39.Qg1 R8c7 40.Bf8 Na4 41.
Bxh6 Nxh6 42.Rxh6+ Kg8 43.Rd8+ Kf7 44.Rh7+ Ke6 45.Rd6# 1-0

[Event "2 IECC, Ohrid"]
[Site "Ohrid MKD"]
[Date "2001.06.07"]
[Round "7.9"]
[White "Asrian, Karen"]
[Black "Georgiev, Kiril"]
[Result "1-0"]
[WhiteElo "2582"]
[BlackElo "2676"]
[EventDate "2001.06.01"]
[PlyCount "167"]

1.e4 c5 2.Nf3 d6 3.d4 cxd4 4.Nxd4 Nf6 5.Nc3 a6 6.Be2 e6 7.O-O Be7 8.a4 Nc6
9.Be3 O-O 10.f4 Qc7 11.Kh1 Re8 12.Bf3 Bf8 13.Nb3 b6 14.a5 bxa5 15.e5 dxe5 
16.fxe5 Nd5 17.Nxd5 exd5 18.Qxd5 Bb7 19.Nxa5 Nxa5 20.Qxa5 Qc8 21.c3 Bxf3 
22.Rxf3 Rb8 23.Qa2 Re6 24.Raf1 Rb7 25.Bd4 Qc6 26.b4 Rd7 27.Qf2 Qb7 28.h3 
Rc7 29.Rf4 Rd7 30.Qg3 Rg6 31.Qf3 Rc6 32.Qe4 Qc8 33.Qf3 Qb7 34.Qe4 Qc8 35.
Ra1 Re7 36.Rf2 g6 37.Rfa2 Ree6 38.Qd3 h5 39.b5 axb5 40.Qxb5 Re8 41.Ra7 
Rce6 42.Rf1 R8e7 43.Rxe7 Rxe7 44.Qd5 Rd7 45.Qa2 Re7 46.Rf6 Re6 47.Rxe6 
Qxe6 48.Qa8 Kg7 49.Qa4 Kh7 50.c4 Bg7 51.Qb5 Qf5 52.c5 Qf4 53.Qb2 Qf1+ 54.
Bg1 Qf4 55.Qd4 Qf5 56.Bh2 Qf1+ 57.Qg1 Qc4 58.Qf2 Kg8 59.Qe3 Qd5 60.Qc1 Qc6
61.Qc3 Bf8 62.Bg1 Bg7 63.Qd4 Qe6 64.Qd8+ Kh7 65.Qd6 Qf5 66.e6 fxe6 67.c6 
Be5 68.Qd7+ Kh6 69.c7 Bxc7 70.Qxc7 g5 71.Bd4 h4 72.Qg7+ Kh5 73.Be5 Qf1+ 
74.Kh2 Qf5 75.Qh8+ Kg6 76.Qg8+ Kh5 77.Qg7 Qe4 78.Qf7+ Qg6 79.Qxg6+ Kxg6 
80.g4 hxg3+ 81.Kxg3 Kf5 82.Bb2 e5 83.Bc1 e4 84.Be3 1-0

[Event "2 IECC, Ohrid"]
[Site "Ohrid MKD"]
[Date "2001.06.07"]
[Round "7.15"]
[White "Dautov, Rustem"]
[Black "Istratescu, Andrei"]
[Result "1/2-1/2"]
[WhiteElo "2631"]
[BlackElo "2561"]
[EventDate "2001.06.01"]
[PlyCount "29"]

1.d4 Nf6 2.c4 e6 3.Nf3 b6 4.g3 Ba6 5.Qa4 c6 6.Nc3 Be7 7.Bg2 O-O 8.Bf4 d6 
9.O-O b5 10.cxb5 cxb5 11.Qc2 b4 12.Ne4 Nxe4 13.Qxe4 Nd7 14.Rfe1 Rc8 15.Qb1
1/2-1/2

[Event "2 IECC, Ohrid"]
[Site "Ohrid MKD"]
[Date "2001.06.07"]
[Round "7.21"]
[White "De Vreugt, Dennis"]
[Black "Sturua, Zurab"]
[Result "1/2-1/2"]
[WhiteElo "2460"]
[BlackElo "2600"]
[EventDate "2001.06.01"]
[PlyCount "137"]

1.e4 e6 2.d4 d5 3.Nc3 Nf6 4.Bg5 dxe4 5.Nxe4 Be7 6.Bxf6 gxf6 7.Nc3 Nd7 8.g3
c6 9.Bg2 Qc7 10.Qh5 f5 11.Nf3 h6 12.Nd2 Nf6 13.Qe2 Bd7 14.Nc4 O-O-O 15.
O-O-O Be8 16.a3 h5 17.Rhe1 h4 18.Kb1 hxg3 19.hxg3 Ng4 20.Bf3 Nf6 21.Ne5 
Kb8 22.Qe3 Bf8 23.Na4 Nd7 24.Nxd7+ Bxd7 25.Nc5 Bc8 26.Rh1 Bg7 27.c3 Bf6 
28.Nd3 Qe7 29.Bg2 Rdg8 30.a4 Qc7 31.b4 a5 32.Kb2 axb4 33.Nxb4 Be7 34.Nd3 
Bd6 35.Ra1 Rxh1 36.Bxh1 Qa5 37.Kc2 f6 38.Nb2 Bc7 39.Bf3 e5 40.Nc4 Qa6 41.
Be2 f4 42.gxf4 Bf5+ 43.Kb2 exf4 44.Qe7 Bg4 45.Bf1 Rh8 46.Qg7 Rh4 47.Qxf6 
Rh2 48.Kb3 Rxf2 49.Qf8+ Ka7 50.Qc5+ Kb8 51.d5 Rxf1 52.Rxf1 cxd5 53.Qxd5 
Be6 54.Qb5 Qd6 55.Re1 Bf7 56.Qe8+ Bxe8 57.Nxd6 Bxa4+ 58.Kxa4 Bxd6 59.Kb5 
Kc7 60.Rh1 Kd7 61.Kb6 Ke6 62.c4 Kf5 63.Kxb7 f3 64.Kc6 Bg3 65.Kd5 f2 66.Kd4
Kf4 67.Kd3 Kf3 68.Rf1 Bd6 69.Rxf2+ 1/2-1/2

[Event "2 IECC, Ohrid"]
[Site "Ohrid MKD"]
[Date "2001.06.07"]
[Round "7.24"]
[White "Jussupow, Artur"]
[Black "Socko, Bartosz"]
[Result "1/2-1/2"]
[WhiteElo "2645"]
[BlackElo "2554"]
[EventDate "2001.06.01"]
[PlyCount "42"]

1.d4 Nf6 2.c4 g6 3.g3 Bg7 4.Bg2 O-O 5.Nc3 d6 6.Nf3 Nc6 7.O-O a6 8.d5 Na5 
9.Nd2 c5 10.Qc2 Rb8 11.b3 b5 12.Bb2 e5 13.Rae1 bxc4 14.bxc4 Nh5 15.Nd1 Bd7
16.Bc3 f5 17.f4 e4 18.e3 Bxc3 19.Nxc3 Nf6 20.h3 Qc7 21.Ne2 Rb4 1/2-1/2

[Event "2 IECC, Ohrid"]
[Site "Ohrid MKD"]
[Date "2001.06.07"]
[Round "7.27"]
[White "Vaisser, Anatoli"]
[Black "Tregubov, Pavel"]
[Result "1/2-1/2"]
[WhiteElo "2540"]
[BlackElo "2628"]
[EventDate "2001.06.01"]
[PlyCount "27"]

1.d4 d5 2.c4 e6 3.Nc3 c6 4.e3 Bd6 5.Bd2 Nd7 6.e4 dxe4 7.Nxe4 Be7 8.Bc3 
Ngf6 9.Bd3 O-O 10.Nf3 Nxe4 11.Bxe4 Nf6 12.Bd3 b6 13.O-O Bb7 14.Qe2 1/2-1/2

[Event "2 IECC, Ohrid"]
[Site "Ohrid MKD"]
[Date "2001.06.07"]
[Round "7.32"]
[White "Atalik, Suat"]
[Black "Fedorov, Alexei"]
[Result "1/2-1/2"]
[WhiteElo "2537"]
[BlackElo "2590"]
[EventDate "2001.06.01"]
[PlyCount "63"]

1.d4 Nf6 2.c4 g6 3.Nf3 Bg7 4.g3 O-O 5.Bg2 d6 6.O-O Nc6 7.Nc3 a6 8.h3 Bd7 
9.e4 e5 10.d5 Nd4 11.Nxd4 exd4 12.Qxd4 Qc8 13.h4 Ng4 14.Qd2 b5 15.Qe2 Ne5 
16.cxb5 axb5 17.Nxb5 Qa6 18.Nc3 Qxe2 19.Nxe2 Rfb8 20.Nc3 Nd3 21.a4 Nxb2 
22.Bxb2 Rxb2 23.Ra3 Rc2 24.Nd1 Rxa4 25.Rxa4 Bxa4 26.Ne3 Ra2 27.Rc1 Ra1 28.
Rxa1 Bxa1 29.f4 h5 30.Kf2 Bd4 31.Kf3 Kg7 32.Bf1 1/2-1/2

[Event "2 IECC, Ohrid"]
[Site "Ohrid MKD"]
[Date "2001.06.07"]
[Round "7.34"]
[White "Aronian, Levon"]
[Black "Galkin, Alexander"]
[Result "1/2-1/2"]
[WhiteElo "2528"]
[BlackElo "2584"]
[EventDate "2001.06.01"]
[PlyCount "40"]

1.e4 c6 2.d4 d5 3.Nd2 dxe4 4.Nxe4 Nd7 5.Nf3 Ngf6 6.Ned2 g6 7.g3 Bg7 8.Bg2 
Nb6 9.O-O O-O 10.Re1 a5 11.a4 Nbd5 12.h3 Qc7 13.Nc4 Bf5 14.Nh4 Bd7 15.Ne5 
Rad8 16.Nxd7 Rxd7 17.Qe2 Re8 18.c3 Rdd8 19.Nf3 Nd7 20.Qc2 e5 1/2-1/2

[Event "2 IECC, Ohrid"]
[Site "Ohrid MKD"]
[Date "2001.06.07"]
[Round "7.35"]
[White "Goloshchapov, Alexander"]
[Black "Pigusov, Evgeny"]
[Result "1/2-1/2"]
[WhiteElo "2528"]
[BlackElo "2584"]
[EventDate "2001.06.01"]
[PlyCount "33"]

1.e4 c5 2.Nf3 Nc6 3.d4 cxd4 4.Nxd4 g6 5.c4 Bg7 6.Be3 Nf6 7.Nc3 O-O 8.Be2 
d6 9.O-O Bd7 10.Qd2 Nxd4 11.Bxd4 Bc6 12.f3 a5 13.b3 Nd7 14.Be3 Nc5 15.Rab1
Qb6 16.Rfc1 Rfc8 17.Rc2 1/2-1/2

[Event "2 IECC, Ohrid"]
[Site "Ohrid MKD"]
[Date "2001.06.07"]
[Round "7.36"]
[White "Cvitan, Ognjen"]
[Black "Nijboer, Friso"]
[Result "1-0"]
[WhiteElo "2526"]
[BlackElo "2580"]
[EventDate "2001.06.01"]
[PlyCount "81"]

1.d4 Nf6 2.c4 g6 3.Nf3 Bg7 4.g3 O-O 5.Bg2 d6 6.O-O Nc6 7.Nc3 Rb8 8.b3 a6 
9.Nd5 Nh5 10.Bb2 e6 11.Nc3 b5 12.cxb5 axb5 13.Rc1 b4 14.Na4 Na5 15.Qc2 Ba6
16.Rfd1 Bb5 17.e3 c6 18.Ne1 Re8 19.Nd3 Bf8 20.Qd2 Bxa4 21.bxa4 Qb6 22.Rc2 
Nf6 23.Nxb4 d5 24.Nd3 Nc4 25.Qc1 Nd7 26.Rxc4 dxc4 27.Qxc4 Rec8 28.Bc3 Bg7 
29.Bb4 Qd8 30.Bf3 Nb6 31.Qc2 Nd5 32.a3 Bf8 33.Rb1 h5 34.h4 Qf6 35.Kg2 g5 
36.hxg5 Qxg5 37.Rh1 Bxb4 38.axb4 Nxb4 39.Nxb4 Rxb4 40.Rxh5 Qg6 41.Qc5 1-0

[Event "2 IECC, Ohrid"]
[Site "Ohrid MKD"]
[Date "2001.06.07"]
[Round "7.38"]
[White "Psakhis, Lev"]
[Black "Moreno Carnero, Javier"]
[Result "1/2-1/2"]
[WhiteElo "2575"]
[BlackElo "2480"]
[EventDate "2001.06.01"]
[PlyCount "23"]

1.e4 c5 2.Nf3 d6 3.d4 cxd4 4.Nxd4 Nf6 5.Nc3 a6 6.Be2 e5 7.Nb3 Be7 8.O-O 
O-O 9.a4 Be6 10.f4 exf4 11.Bxf4 Nc6 12.Kh1 1/2-1/2

[Event "2 IECC, Ohrid"]
[Site "Ohrid MKD"]
[Date "2001.06.07"]
[Round "7.40"]
[White "Stefansson, Hannes Hlifar"]
[Black "Wells, Peter"]
[Result "1-0"]
[WhiteElo "2570"]
[BlackElo "2522"]
[EventDate "2001.06.01"]
[PlyCount "63"]

1.e4 e5 2.Nf3 Nc6 3.Bb5 a6 4.Ba4 Nf6 5.O-O Bc5 6.c3 b5 7.Bb3 d6 8.a4 Bg4 
9.d3 O-O 10.Nbd2 Qd7 11.h3 Be6 12.Bc2 h6 13.Re1 Bb6 14.Nf1 b4 15.d4 exd4 
16.cxd4 d5 17.e5 Ne4 18.Be3 f5 19.exf6 Rxf6 20.Bxe4 dxe4 21.Ne5 Qd5 22.
Nxc6 Qxc6 23.a5 Ba7 24.Rc1 Qd7 25.Qc2 Rg6 26.Ng3 Rf8 27.d5 Bxe3 28.dxe6 
Bxf2+ 29.Qxf2 Qd6 30.Nf5 Qxe6 31.Rc6 e3 32.Qf3 1-0